书目信息 |
| 题名: |
高分子膜材料
|
|
| 作者: | 徐又一、徐志康等编著 , 徐又一 , 徐志康 | |
| 分册: | ||
| 出版信息: | 北京 化学工业出版社 2005.05 |
|
| 页数: | 611页 | |
| 开本: | 26cm | |
| 丛书名: | ||
| 单 册: | ||
| 中图分类: | TQ320 | |
| 科图分类: | ||
| 主题词: | ||
| 电子资源: | ||
| ISBN: | 7-5025-6632-5 | |
| 000 | 00890nam0 2200241 45 | |
| 001 | 010435021170 | |
| 005 | 20051018164439.85 | |
| 010 | @a7-5025-6632-5@dCNY55.00 | |
| 092 | @aCN@b安徽儒林-K706-3429 | |
| 100 | @a20050401d2005 ekmy0 y0120 ea | |
| 102 | @aCN@b110000 | |
| 105 | @ay z 000yy | |
| 200 | 1 | @a高分子膜材料@f徐又一,徐志康等编著@Fxu you yi,xu zhi kang deng bian zhu |
| 210 | @a北京@c化学工业出版社@d2005.05 | |
| 215 | @a611页@d26cm | |
| 330 | @a本书共分10章,分为概论、高分子膜的制备方法与结构控制、膜过程分析与膜组件的设计、微滤膜与超滤膜、反渗透膜和纳滤膜、高分子气体分离膜、高分子离子交换膜、生物医药用分离膜等内容。书中还重点阐述了高分子分 | |
| 690 | @aTQ320@v4 | |
| 701 | 0 | @a徐又一、徐志康等编著 |
| 701 | 0 | @a徐又一@Axu you yi@4编著 |
| 701 | 0 | @a徐志康@Axu zhi kang@4编著 |
| 801 | 0 | @aCN@b安徽儒林@c20051018 |
| 905 | @dTQ320@eX830 | |
| 906 | @dCNY55.00@n2@r1 | |
| 高分子膜材料/徐又一,徐志康等编著.-北京:化学工业出版社,2005.05 |
| 611页;26cm |
| ISBN 7-5025-6632-5:CNY55.00 |
| 本书共分10章,分为概论、高分子膜的制备方法与结构控制、膜过程分析与膜组件的设计、微滤膜与超滤膜、反渗透膜和纳滤膜、高分子气体分离膜、高分子离子交换膜、生物医药用分离膜等内容。书中还重点阐述了高分子分 |
| ● |
| 相关链接 |
|
|
|
正题名:高分子膜材料
索取号:TQ320/X830
 
预约/预借
| 序号 | 登录号 | 条形码 | 馆藏地/架位号 | 状态 | 备注 |
| 1 | 570852 | 205708527 | 自科库501/501自科库 140排5列2层/ [索取号:TQ320/X830] | 在馆 | |
| 2 | 570853 | 205708536 | 材料与化工学院资料室/ [索取号:TQ320/X830] | 在馆 |